LEADER 01276nam a2200217 i 4500 001 000000215982 003 CaOOAMICUS 005 20220419145759.0 008 120926s1704 it u000 u grc u 013 $a194857 026 $ae-s, s.m, t.o- m.ue (3) 1704 (R) 040 $aSeMil$bita 100 0 $aDionysius : Halicarnassensis,$d.$0(OLS)http://semarc/name/9557 245 10$aDionysiou tou Alikarnasseos ta Eyriskomena retorika kai kritika syngrammata. Dionysii Halicarnassensis Quae exstant rhetorica et critica. 300 $a[12], 360, [224 ] p. 500 $aSegn.: pg2 a*-b*2 A-2R4 2S-3D2 A-3K2 773 0 $aDionysius : Halicarnassensis $tDionysiou tou Alikarnasseos tes romaikes arkaiologias ta sozomena. Dionysii Halicarnassensis Antiquitatum romanarum libri quotquot supersunt.$dOxoniae : E Theatro Sheldoniano ; Londini : Impensis Thomae Bennet, ad insigne Lunae Falcatae in Coemeterio S. Pauli, 1704.$g2$w()27395 850 $aSeMil 852 $aSeMil$W1$xVenegono$y1$m1Z VI 96 FA$j166402$B166402$CSeMilBibl$Z2$F177306 $8I 996 $6245$aDionysiou tou Alikarnasseos ta Eyriskomena retorika kai kritika syngrammata. Dionysii Halicarnassensis Quae exstant rhetorica et critica$9(OLS)http://semarc/title/310765 LEADER 00945nam a2200229 i 4500 001 000000048823 003 CaOOAMICUS 005 20120607000000.0 008 120607s1972 it u000 u ita u 013 $a19993 040 $aSeMil$bita 100 1 $aHäring, Bernhard,$c.$0(OLS)http://semarc/name/155 245 10$aEtica cristiana :$bin un'epoca di secolarizzazione /$cBernhard Häring. 260 $aRoma :$bEdizioni Paoline,$c1972. 300 $a249 p. ;$c19 cm. 490 0 $aTeologia morale oggi ;$v2. 650 4$aTeologia morale.$0(OLS)http://semarc/subject/91 830 0$aTeologia morale oggi ;$v2.$0(OLS)http://semarc/title/10332 850 $aSeMil 852 $aSeMil$W1$xVenegono$y1$m2E I 192$j14978$B14978$CSeMilBibl$Z2$F14978 $81 996 $6245$aEtica cristiana :$bin un'epoca di secolarizzazione$9(OLS)http://semarc/title/73965 996 $6260$aRoma :$bEdizioni Paoline$9(OLS)http://semarc/publisher/29700